| 000 | 00345nam a22001337a 4500 | ||
|---|---|---|---|
| 008 | 170712b xxu||||| |||| 00| 0 eng d | ||
| 020 | _a9780323052917 | ||
| 041 | _aeng | ||
| 080 |
_26 ED _a098 |
||
| 100 | _a23 | ||
| 101 | _aFJA | ||
| 245 |
_aMOSBYS POCKET DICTIONARY OF MEDICINE NURSING HEAKTH PROFESSIONS _cADAMS.A |
||
| 942 |
_2udc _cBK |
||
| 999 |
_c20381 _d20381 |
||